Merged U.S. States - Statistics

General Stats
  • This quiz has been taken 44,417 times
  • The average score is 5 of 6
Answers on the Map
Answers color-coded by a green-red scale on the quiz's map according to % correct below.
 
Answer Stats
State % Correct
Maine
93%
Kansas
90%
Virginia
90%
Kentucky
89%
Nebraska
89%
New Hampshire
87%
No matching quizzes found
Score Distribution
Percent of People with Each Score
Percentile by Number Answered
Your Score History
You have not taken this quiz